Principles and Practice of Clinical Virology (Record no. 17085)
[ view plain ]
| 000 -LEADER | |
|---|---|
| fixed length control field | 00309nam a22001217a 4500 |
| 008 - FIXED-LENGTH DATA ELEMENTS--GENERAL INFORMATION | |
| fixed length control field | 140514t xxu||||| |||| 00| 0 eng d |
| 020 ## - INTERNATIONAL STANDARD BOOK NUMBER | |
| International Standard Book Number | 0-471-97340-8 |
| 100 ## - MAIN ENTRY--PERSONAL NAME | |
| Personal name | Arie J. Zuckerman |
| 9 (RLIN) | 842 |
| 245 ## - TITLE STATEMENT | |
| Title | Principles and Practice of Clinical Virology |
| 250 ## - EDITION STATEMENT | |
| Edition statement | Fourth Edition |
| 300 ## - PHYSICAL DESCRIPTION | |
| Extent | 776 |
| 942 ## - ADDED ENTRY ELEMENTS (KOHA) | |
| Source of classification or shelving scheme | |
| Koha item type | Book |
| Withdrawn status | Lost status | Source of classification or shelving scheme | Damaged status | Not for loan | Collection code | Permanent Location | Current Location | Date acquired | Total Checkouts | Full call number | Barcode | Date last seen | Price effective from | Koha item type |
|---|---|---|---|---|---|---|---|---|---|---|---|---|---|---|
| Atta-ur-Rahman School of Applied Biosciences (ASAB) | Atta-ur-Rahman School of Applied Biosciences (ASAB) | 05/14/2014 | 616.92 ZUC | ASAB1129 | 05/14/2014 | 05/14/2014 | Book | |||||||
| Atta-ur-Rahman School of Applied Biosciences (ASAB) | Atta-ur-Rahman School of Applied Biosciences (ASAB) | 05/14/2014 | 616.92 ZUC | ASAB1128 | 05/14/2014 | 05/14/2014 | Book | |||||||
| Atta-ur-Rahman School of Applied Biosciences (ASAB) | Atta-ur-Rahman School of Applied Biosciences (ASAB) | 05/14/2014 | 616.92 ZUC | ASAB1127 | 05/14/2014 | 05/14/2014 | Book | |||||||
| Atta-ur-Rahman School of Applied Biosciences (ASAB) | Atta-ur-Rahman School of Applied Biosciences (ASAB) | 05/14/2014 | 616.92 ZUC | ASAB1126 | 05/14/2014 | 05/14/2014 | Book | |||||||
| Atta-ur-Rahman School of Applied Biosciences (ASAB) | Atta-ur-Rahman School of Applied Biosciences (ASAB) | 05/14/2014 | 616.92 ZUC | ASAB1125 | 05/14/2014 | 05/14/2014 | Book |
